[Event "ch-SRB"]
[Site "Mataruska Banja SRB"]
[Date "2008.03.28"]
[Round "13"]
[White "Leskur,D"]
[Black "Vuckovic,Bo"]
[Result "1/2-1/2"]
[WhiteElo "2468"]
[BlackElo "2556"]

1.e4 c5 2.Nf3 Nc6 3.Nc3 e5 4.Bc4 Be7 5.d3 d6 6.Nd2 Nf6 7.Nf1 Bg4 8.f3 Be6
9.Ne3 O-O 10.O-O Nh5 11.Ncd5 Bg5 12.a4 Ne7 13.Nxe7+ Qxe7 14.Nd5 Bxd5 15.Bxd5 Bxc1
16.Rxc1 Nf4 17.Bc4 Kh8 18.g3 Ng6 19.Qe2 Qd7 20.Bb3 a6 21.Kg2 f5 22.exf5 Rxf5
23.Rf2 Raf8 24.Qe4 Ne7 25.Rcf1 d5 26.Qe3 Qc6 27.c3 Ng6 28.d4 Qb6 29.Bc2 cxd4
30.cxd4 exd4 31.Qd2 R5f6 32.Bxg6 Rxg6 33.Rd1 Kg8 34.Qxd4 Qxd4 35.Rxd4 Rd8  1/2-1/2

[Event "KNSB TCh-NED 2007-8"]
[Site "Netherlands NED"]
[Date "2008.03.29"]
[Round "8"]
[White "Blokhuis,J"]
[Black "Rietveld,R"]
[Result "0-1"]
[WhiteElo "2347"]
[BlackElo "2163"]

1.e4 c5 2.Nc3 Nc6 3.Nge2 d6 4.d4 cxd4 5.Nxd4 e6 6.Bc4 Nf6 7.Be3 a6 8.Qe2 Qc7
9.Bb3 b5 10.O-O-O Na5 11.f3 Rb8 12.g4 Nd7 13.Kb1 Nc5 14.Bc1 b4 15.Na4 Bd7
16.Nxc5 dxc5 17.Nf5 Bb5 18.c4 bxc3 19.Qe3 Nxb3 20.axb3 c2+ 21.Kxc2 c4 22.Kb1 cxb3
23.Nd4 Bc4 24.Bd2 Qd7 25.Bc3 Qa4 26.f4 Bb4 27.Bxb4 Rxb4 28.Qc3 O-O 29.Nc6 Rb7
30.Ne5 Rc7 31.Kc1 Qa1+ 32.Kd2 Rd8+ 33.Ke3 Rxd1 34.Rxd1 Qxd1 35.Nxc4 h6 36.e5 Qd5  0-1

[Event "TCh-HUN 2007-8"]
[Site "Budapest HUN"]
[Date "2008.03.30"]
[Round "9"]
[White "Molnar,Be"]
[Black "Domany,Z"]
[Result "1/2-1/2"]
[WhiteElo "2372"]
[BlackElo "2193"]

1.e4 c5 2.Nc3 Nc6 3.Nf3 e5 4.Bc4 Be7 5.O-O Nf6 6.Ng5 O-O 7.f4 exf4 8.d3 d6
9.Bxf4 Nd4 10.Qd2 Ne6 11.Kh1 Ng4 12.Nf3 Bf6 13.Bg3 Nd4 14.Nd5 Nxf3 15.Nxf6+ Qxf6
16.Rxf3 Qxb2 17.Raf1 Ne5 18.Bxe5 Qxe5 19.Rxf7 Be6 20.Rxf8+ Rxf8 21.Bxe6+ Qxe6
22.Rxf8+ Kxf8 23.Qf4+ Ke7 24.g3 Qxa2 25.Qg5+ Ke8 26.Qxg7 Qf7 27.Qh8+ Qf8
28.Qa1 Qf3+ 29.Kg1 Qe3+ 30.Kg2 Qe2+ 31.Kh3 Qh5+ 32.Kg2  1/2-1/2

[Event "ITT Cinco Soles"]
[Site "Pinamar ARG"]
[Date "2008.03.31"]
[Round "7"]
[White "Rodi,L"]
[Black "Andrade,Rob"]
[Result "1-0"]
[WhiteElo "2366"]
[BlackElo "2285"]

1.e4 c5 2.Nc3 Nc6 3.Bb5 g6 4.Bxc6 dxc6 5.d3 Qb6 6.Nge2 Bg7 7.O-O Nf6 8.Rb1 O-O
9.Na4 Qa5 10.b3 c4 11.Bd2 Qa6 12.Nc5 Qb6 13.d4 cxb3 14.Rxb3 Qc7 15.Bf4 Qa5
16.Qd3 Nh5 17.Bd2 Qc7 18.e5 b6 19.Ne4 Be6 20.h3 Bxb3 21.Qxb3 Bxe5 22.dxe5 Qxe5
23.Qf3 Nf6 24.N2g3 Nxe4 25.Nxe4 f5 26.Ng5 h6 27.Re1 Qd5 28.Qxd5+ cxd5 29.Nf3 g5
30.Re6 g4 31.Rg6+ Kh7 32.Rxh6+ Kg7 33.hxg4 fxg4 34.Ne5 Rf6 35.Rh4 Rd8 36.Rxg4+ Kh7
37.c3 Rf5 38.Nc6 Rd7 39.f4 Rh5 40.Ne5 Rc7 41.g3 d4 42.cxd4 Rc2 43.Bb4 Rhh2
44.Rh4+ Rxh4 45.gxh4 Rc7 46.Kf2 a5 47.Ba3 e6 48.f5 Rc2+ 49.Ke3 Rc3+ 50.Kf4 Rxa3
51.fxe6 Rc3 52.e7 Rc8 53.d5 Kg7 54.d6 Kf6 55.d7 Rc4+ 56.Nxc4 Kxe7 57.Nxb6  1-0

[Event "Spring Open"]
[Site "Belgrade SCG"]
[Date "2008.04.02"]
[Round "9"]
[White "Danojlic,P"]
[Black "Kovacevic,Bo"]
[Result "1-0"]
[WhiteElo "1897"]
[BlackElo "1898"]

1.e4 c5 2.Nf3 Nc6 3.Nc3 Nf6 4.d4 cxd4 5.Nxd4 e5 6.Ndb5 d6 7.Bg5 a6 8.Bxf6 gxf6
9.Na3 b5 10.Nd5 f5 11.exf5 Bxf5 12.c3 Bg7 13.Nc2 O-O 14.Nce3 Be6 15.h4 Ne7
16.g4 Nxd5 17.Nxd5 Qd7 18.Rg1 Ra7 19.g5 Bxd5 20.Qxd5 Kh8 21.O-O-O Qf5 22.Bd3 Qxf2
23.h5 Qe3+ 24.Kb1 f5 25.h6 Bf6 26.gxf6 Qxh6 27.Rh1 Qxf6 28.Rdf1 Qg6 29.Qc6 Qe6
30.Qb6 Qd7 31.Bxf5 Rxf5 32.Qb8+ Kg7 33.Rfg1+ Kf6 34.Rh6+ Ke7 35.Rg7+ Rf7
36.Rxf7+ Kxf7 37.Rxh7+  1-0

[Event "TCh-RUS w"]
[Site "Dagomys RUS"]
[Date "2008.04.02"]
[Round "1"]
[White "Girya,O"]
[Black "Dzhabrailova,I"]
[Result "1-0"]
[WhiteElo "2361"]
[BlackElo "2115"]

1.e4 c5 2.Nc3 Nc6 3.Bb5 Nd4 4.Bc4 e6 5.Nce2 Ne7 6.Nxd4 cxd4 7.Ne2 Nc6 8.d3 Be7
9.O-O O-O 10.a4 a6 11.Bd2 b6 12.Ng3 Rb8 13.f4 b5 14.axb5 axb5 15.Bb3 Bb7
16.Qh5 Qb6 17.f5 Ra8 18.Rxa8 Bxa8 19.f6 gxf6 20.Bh6 Ne5 21.Bxf8 Kxf8 22.Qxh7 Ng6
23.Nf5 Bxe4 24.Nh6 Ke8 25.Qxf7+ Kd8 26.dxe4  1-0

[Event "K41 Scandinavian Open"]
[Site "Valby DEN"]
[Date "2008.04.02"]
[Round "6"]
[White "Pedersen,Da"]
[Black "Bejtovic,J"]
[Result "0-1"]
[WhiteElo "2258"]
[BlackElo "2353"]

1.e4 c5 2.Nf3 Nc6 3.Nc3 g6 4.d4 cxd4 5.Nxd4 Bg7 6.Be3 Nf6 7.Bc4 Qa5 8.O-O O-O
9.Nb3 Qc7 10.h3 d6 11.Qd2 Ne5 12.Be2 Nc4 13.Bxc4 Qxc4 14.Qd3 Qc7 15.Nd4 a6
16.a4 Bd7 17.Nd5 Nxd5 18.exd5 Rac8 19.Rfc1 Qc4 20.Qxc4 Rxc4 21.b3 Rxd4 22.Bxd4 Bxd4
23.c3 Bf6 24.Ra2 Rc8 25.c4 b5 26.axb5 axb5 27.Ra7 Bf5 28.Rb7 Bg5 29.Rc3 Bd2
30.Rf3 Be4 31.Rxb5 Bxf3 32.gxf3 Ra8 33.Kf1 Ra2 34.Rb7 Kf8 35.b4 Rb2 36.b5 Bc3  0-1

[Event "Sozina Open"]
[Site "Bar MNE"]
[Date "2008.04.03"]
[Round "7"]
[White "Kontic,D"]
[Black "Rama,L"]
[Result "0-1"]
[WhiteElo "2367"]
[BlackElo "2316"]

1.e4 c5 2.Ne2 Nc6 3.Nbc3 g6 4.d4 cxd4 5.Nxd4 Bg7 6.Be3 Nf6 7.Bc4 Qa5 8.O-O O-O
9.Nb3 Qc7 10.Be2 d6 11.Nd5 Nxd5 12.exd5 Na5 13.c3 Nc4 14.Bxc4 Qxc4 15.Re1 Re8
16.Bg5 Kf8 17.Qd2 a5 18.f3 Bf5 19.g4 Bd7 20.Re4 Qc7 21.Rae1 e5 22.dxe6 fxe6
23.Rd4 Bxd4+ 24.Nxd4 e5 25.Nc2 Bc6 26.Ne3 Kg7 27.Rf1 Qf7 28.Nc4 Bxf3 29.Rxf3 Qxc4
30.Kf2 Qe4 31.Qxd6 Qc6 32.Qd2 Kg8 33.Kg3 Rf8 34.Re3  0-1

[Event "Sozina Open"]
[Site "Bar MNE"]
[Date "2008.04.04"]
[Round "8"]
[White "Marinkovic,Sl"]
[Black "Miron,L"]
[Result "1/2-1/2"]
[WhiteElo "2373"]
[BlackElo "2408"]

1.e4 c5 2.Nf3 Nc6 3.Nc3 e5 4.Bc4 d6 5.d3 Be7 6.O-O Nf6 7.Ng5 O-O 8.f4 exf4
9.Bxf4 h6 10.Nf3 Be6 11.Nd5 Bxd5 12.Bxd5 Nxd5 13.exd5 Ne5 14.Bxe5 dxe5 15.c4 Bd6
16.g4 g6 17.Qd2 Kg7 18.Rae1 Qd7 19.Qg2 Rae8 20.Nd2 Kh7 21.Rf6 Be7 22.Ne4 Kg7
23.Rf3 f6 24.Ref1 Rf7 25.h4 Ref8 26.h5 gxh5 27.gxh5+ Kh8 28.Rg3 f5 29.Rg6 Rh7
30.Qh3 Qc8 31.Ng3 Bg5 32.Rxf5 Rhf7 33.Rxf7 Qxh3 34.Rxf8+ Kh7 35.Rf7+ Kh8
36.Rf3 Bf4 37.d6 Kh7 38.d7 Qxd7 39.Ne4 Bg5 40.Nf6+ Bxf6 41.Rfxf6 Qd4+ 42.Kg2 Qxd3
43.Rxh6+ Kg7 44.Rhg6+ Kh7 45.Rf7+ Kh8 46.Rf8+ Kh7 47.Rf7+ Kh8 48.Rf8+ Kh7  1/2-1/2

[Event "IX Dos Hermanas Internet"]
[Site "ICC INT"]
[Date "2008.04.04"]
[Round "1.5"]
[White "Hess,Ro"]
[Black "Andriasian,Z"]
[Result "0-1"]
[WhiteElo "2454"]
[BlackElo "2533"]

1.e4 c5 2.Nc3 Nc6 3.Bb5 e6 4.Nge2 d6 5.d4 cxd4 6.Nxd4 Bd7 7.O-O Nf6 8.Be3 Be7
9.Qe2 O-O 10.Rad1 Rc8 11.f4 Qa5 12.Bxc6 Bxc6 13.Nb3 Qc7 14.Bd4 e5 15.fxe5 dxe5
16.Bf2 b5 17.Nd5 Bxd5 18.exd5 Bd6 19.c3 Qc4 20.Qxc4 bxc4 21.Na5 Rc7 22.Rfe1 Re8
23.h3 Kf8 24.g4 Rb8 25.g5 Nd7 26.Re4 Nc5 27.Rxc4 Rxb2 28.Nc6 Nd7 29.a4 a6
30.a5 f5 31.Rh4 Kg8 32.Rc1 Nc5 33.c4 Rxf2 34.Kxf2 Nd3+ 35.Ke3 Nxc1 36.Kd2 Nb3+
37.Kc3 Nc5  0-1

[Event "TCh-RUS w"]
[Site "Dagomys RUS"]
[Date "2008.04.06"]
[Round "5"]
[White "Muzychuk,M"]
[Black "Kovalevskaya,E"]
[Result "1/2-1/2"]
[WhiteElo "2387"]
[BlackElo "2421"]

1.e4 c5 2.Nc3 Nc6 3.Bb5 Nd4 4.Nf3 Nxb5 5.Nxb5 d6 6.d4 Qa5+ 7.Nc3 cxd4 8.Qxd4 Nf6
9.Bg5 e6 10.O-O-O Be7 11.Bxf6 gxf6 12.Rhe1 Rg8 13.Rd3 Qc5 14.Qxc5 dxc5 15.Nb5 Kf8
16.g3 b6 17.Nd2 Bb7 18.Rd7 Rb8 19.Nxa7 Ke8 20.Rd3 Ra8 21.Nb5 Rxa2 22.Nd6+ Bxd6
23.Rxd6 Ra6 24.Re3 Ke7 25.Red3 Rb8 26.f3 Ra1+ 27.Nb1 Ba6 28.Rd7+ Ke8 29.R3d6 Be2
30.f4 Bf3 31.e5 fxe5 32.fxe5 Be4 33.Rc7 Kf8 34.Rdd7 Bg6 35.Rb7 Rxb7 36.Rxb7  1/2-1/2

[Event "II Ruy Lopez IM"]
[Site "Merida ESP"]
[Date "2008.04.06"]
[Round "3"]
[White "Dolezal,C"]
[Black "Figuero Toro,J"]
[Result "1-0"]
[WhiteElo "2436"]
[BlackElo "2253"]

1.e4 c5 2.Nf3 Nc6 3.Nc3 Nf6 4.Bb5 Qc7 5.O-O Nd4 6.Re1 a6 7.e5 Nxb5 8.exf6 Nxc3
9.fxg7 Bxg7 10.dxc3 d6 11.Bf4 O-O 12.Qd2 Bf5 13.Bh6 Bxh6 14.Qxh6 f6 15.Nh4 Bxc2
16.Re3 c4 17.Rg3+ Kf7 18.Qh5+ Bg6 19.Nxg6 hxg6 20.Qxg6+ Ke6 21.Re1+ Kd5 22.Qe4+ Kc5
23.Rg7 Rae8 24.Qd4+ Kb5 25.b4 cxb3 26.a4+ Kc6 27.Qc4+  1-0

[Event "II Ruy Lopez IM"]
[Site "Merida ESP"]
[Date "2008.04.06"]
[Round "4"]
[White "Cabezas Ayala,I"]
[Black "Frois,A"]
[Result "1/2-1/2"]
[WhiteElo "2321"]
[BlackElo "2370"]

1.e4 c5 2.Nf3 Nc6 3.Nc3 g6 4.d4 cxd4 5.Nxd4 Bg7 6.Nb3 Nf6 7.Be2 O-O 8.O-O a5
9.a4 d6 10.Bg5 Be6 11.Kh1 Rc8 12.f4 Nb4 13.Nd4 Bc4 14.Ndb5 Bxb5 15.Bxb5 Rc5
16.Bd3 Nd7 17.Bh4 Rc8 18.Qe2 Re8 19.Be1 Nxd3 20.cxd3 Nc5 21.Bf2 Nb3 22.Ra3 Nd4
23.Bxd4 Bxd4 24.Rb3 Rc6  1/2-1/2

[Event "V Magistral da Hebraica"]
[Site "Sao Paulo BRA"]
[Date "2008.04.06"]
[Round "1"]
[White "Rodi,L"]
[Black "Greenfeld,A"]
[Result "1/2-1/2"]
[WhiteElo "2340"]
[BlackElo "2575"]

1.e4 c5 2.Nc3 Nc6 3.Bb5 Nd4 4.Bc4 e6 5.Nf3 a6 6.d3 b5 7.Bb3 Nxb3 8.axb3 Bb7
9.O-O Be7 10.Nd2 d6 11.f4 Nf6 12.Qe2 O-O 13.Nf3 Qc7 14.Bd2 Bc6 15.Nd1 a5
16.Nf2 b4 17.g4 a4 18.g5 Nd7 19.Rxa4 Rxa4 20.bxa4 Bxa4 21.b3 Bc6 22.Nh4 Re8
23.Qg4 Bf8 24.Qg3 Qa7 25.f5 Ne5 26.Bf4 exf5 27.Nxf5 c4 28.bxc4 Qa2 29.Ne3 Ba4
30.Bxe5 Rxe5 31.Qf4 Bxc2 32.Nfg4 Qa7 33.Nf2 b3 34.Nxc2 bxc2 35.Rc1 Qa5 36.h4 h6
37.gxh6 Re6 38.h7+ Kxh7 39.Rxc2 Rf6 40.Qg3 Rg6 41.Ng4 f5 42.exf5 Qxf5 43.Rg2 d5
44.Qf2 Qxd3 45.Qxf8 Rxg4  1/2-1/2

[Event "TCh-RUS Major League"]
[Site "Dagomys RUS"]
[Date "2008.04.07"]
[Round "5"]
[White "Morozov,E"]
[Black "Sokolov,D"]
[Result "1/2-1/2"]
[WhiteElo "2304"]
[BlackElo "2403"]

1.e4 c5 2.Nf3 Nc6 3.Nc3 g6 4.Bb5 Bg7 5.O-O e5 6.Bc4 Nf6 7.d3 O-O 8.Ne1 Nh5
9.g3 d6 10.Nd5 Na5 11.Ng2 Be6 12.c3 Qd7 13.Nge3 b5 14.Bb3 Nxb3 15.axb3 Nf6
16.Nxf6+ Bxf6 17.f4 Bh3 18.Nd5 Bg7 19.f5 Bxf1 20.f6 Bh3 21.Qd2 Qe6 22.fxg7 Kxg7
23.Qh6+ Kg8 24.Bg5 f6 25.Nxf6+ Rxf6 26.Bxf6 Qxf6 27.Qxh3  1/2-1/2

[Event "6th V.Nabokov Mem"]
[Site "Kyiv UKR"]
[Date "2008.04.07"]
[Round "5"]
[White "Soltanici,R"]
[Black "Kochetkov,G"]
[Result "1-0"]
[WhiteElo "2395"]
[BlackElo "2386"]

1.e4 c5 2.Nf3 Nc6 3.Nc3 e5 4.Bc4 Be7 5.d3 d6 6.O-O h6 7.Ne1 Nf6 8.f4 exf4
9.Bxf4 O-O 10.Nf3 Na5 11.Qd2 Nxc4 12.dxc4 Be6 13.b3 a6 14.Rad1 b5 15.e5 dxe5
16.Nxe5 Qxd2 17.Rxd2 Nh5 18.Nc6 Bf6 19.Ne4 bxc4 20.Bd6 Rfe8 21.Bxc5 Kh7 22.Bd4 Rac8
23.Nd6 Bg5 24.Re2 cxb3 25.axb3 Nf4 26.Ref2 Rxc6 27.Nxe8 Nh5 28.c4 a5 29.Ra2 Be7
30.Rxa5 g5 31.Nf6+ Bxf6 32.Bxf6 Rb6 33.Rb5 Ra6 34.Be5 Ra2 35.g4 Bxg4 36.Rxf7+ Kg6
37.Rf2 Ra7 38.Rb6+ Kh7 39.Rf8 Ng7 40.Rfb8 Bf3 41.c5 Re7 42.Bxg7  1-0

[Event "Gausdal Classics GMA"]
[Site "Gausdal NOR"]
[Date "2008.04.08"]
[Round "1"]
[White "Gopal,G"]
[Black "Kotronias,V"]
[Result "1/2-1/2"]
[WhiteElo "2562"]
[BlackElo "2611"]

1.e4 c5 2.Nf3 Nc6 3.Nc3 g6 4.d4 cxd4 5.Nxd4 Bg7 6.Be3 Nf6 7.Bc4 O-O 8.Bb3 e6
9.h3 d5 10.exd5 exd5 11.O-O a6 12.Re1 Re8 13.Qd2 Be6 14.Rad1 Rc8 15.Nde2 Ne5
16.Bg5 Qb6 17.Nf4 Nc4 18.Nfxd5 Nxd5 19.Nxd5 Qxb3 20.cxb3 Nxd2 21.Rxd2 Bxd5
22.Rxe8+ Rxe8 23.Rxd5 Bxb2 24.Rd7 b5 25.Ra7 Re6 26.Bh6 f5 27.Be3 Ba3 28.g4 Re4
29.g5 Be7 30.Kf1 Re5 31.Bd4 Re4 32.Be3 Re5 33.Bd4 Re4 34.Be3  1/2-1/2

[Event "II Ruy Lopez IM"]
[Site "Merida ESP"]
[Date "2008.04.08"]
[Round "6"]
[White "Rocha,S"]
[Black "Guerra Tulcan,L"]
[Result "1-0"]
[WhiteElo "2412"]
[BlackElo "2274"]

1.e4 c5 2.Nf3 Nc6 3.Nc3 e6 4.g3 d5 5.Bg2 d4 6.Ne2 g6 7.d3 Bg7 8.h4 h5 9.Ng5 f6
10.Nh3 Nge7 11.f4 Qc7 12.Bd2 Bd7 13.c3 e5 14.O-O Qd6 15.cxd4 Nxd4 16.fxe5 Qxe5
17.Bf4 Nxe2+ 18.Qxe2 Bg4 19.Qf2 Qe6 20.Kh2 O-O 21.Qxc5 Rfd8 22.Bd2 Qe5 23.Qc4+ Be6
24.Qc2 Nc6 25.Bc3 Nd4 26.Qf2 g5 27.Kh1 Bxh3 28.Bxh3 g4 29.Bg2 Rd7 30.a4 Rad8
31.a5 Rd6 32.Ra4 b5 33.axb6 axb6 34.Ra7 R8d7 35.Rfa1 Qb5 36.Ra8+ Kf7 37.R1a7 Nf3
38.Bf1 Qc6 39.Qe3 f5 40.Qf4 Qc5 41.Qxf5+ Qxf5 42.exf5 Nd4 43.Kg1 Bh6 44.Bb4 Nf3+
45.Kf2 Rd5 46.Bc3 Bf8 47.d4 Rxa7 48.Rxa7+ Kf6 49.Bc4 Rxf5 50.Rf7+ Kg6 51.Rxf5 Kxf5
52.Bf7 b5 53.b4 Bg7 54.Ke3 Bh6+ 55.Ke2 Bg7 56.Kd3 Bf8 57.Bxh5 Bd6 58.Be8 Bxg3
59.Bd7+ Kf4 60.h5 Kg5 61.h6 Kxh6 62.Bxg4 Ng5 63.Bd7 Kg6 64.Bxb5 Kf6 65.Bc6 Ke6
66.b5 Bc7 67.Kc4 Ke7 68.Bg2 Ne6 69.Bb4+ Bd6 70.Be1 Bc7 71.Bh4+ Kd6 72.Bh3 Bb6
73.Bf6 Nc7 74.Be5+ Ke7 75.d5 Ne8 76.Bf4 Nd6+ 77.Kb4 Nb7 78.Kc3 Nd6 79.Bg5+ Ke8
80.Kb4 Ne4 81.Bh4 Nd6 82.Ka4 Ne4 83.Kb3 Nd6 84.Bf1 Kd7 85.Bd3 Kc7 86.Be1 Bc5
87.Ba5+ Kb7 88.Kc3 Nc8 89.Kc4 Bd6 90.Kd4 Nb6 91.Ke4 Ka7 92.Be2 Nd7 93.Kf5 Nc5
94.Kf6 Kb7 95.Kf7 Kb8 96.Ke8 Nb7 97.Bb6 Bf4 98.Kd7 Bd6 99.Kc6 Bf4 100.Bd4 Bg3
101.b6 Nd6 102.Bd3 Bf4 103.Bc5 Nb7 104.Be7 Na5+ 105.Kb5 Nb7 106.Bf1 Bg3 107.Bh3 Be5
108.Bd7 Bf4 109.Bc6 Nd6+ 110.Ka6 Nc8 111.Bc5 Bd6 112.Bd4 Ne7 113.b7 Nxc6
114.dxc6 Kc7 115.Kb5 Kb8 116.Kc4 Bg3 117.Kd5  1-0

[Event "Gausdal Classics GMA"]
[Site "Gausdal NOR"]
[Date "2008.04.09"]
[Round "2"]
[White "Kotronias,V"]
[Black "Moskow,E"]
[Result "1-0"]
[WhiteElo "2611"]
[BlackElo "2229"]

1.e4 c5 2.Nc3 Nc6 3.Nf3 g6 4.Bb5 Nd4 5.Bc4 Bg7 6.Nxd4 cxd4 7.Qf3 e6 8.Nb5 d6
9.Qa3 Ke7 10.c3 dxc3 11.dxc3 a6 12.Nd4 e5 13.Nf3 Qc7 14.Qb3 Nf6 15.Bxf7 Nxe4
16.Bd5 Nc5 17.Qc4 Bf5 18.O-O h6 19.Nh4 Bd3 20.Nxg6+ Bxg6 21.Qg4 Kf6 22.f4 Bd3
23.fxe5+  1-0

[Event "TCh-RUS Major League"]
[Site "Dagomys RUS"]
[Date "2008.04.11"]
[Round "9"]
[White "Parfenov,Vi"]
[Black "Vorobiov,E"]
[Result "0-1"]
[WhiteElo "2240"]
[BlackElo "2536"]

1.e4 c5 2.Nf3 Nc6 3.Nc3 d6 4.Bb5 Bd7 5.Bxc6 Bxc6 6.d4 cxd4 7.Qxd4 Nf6 8.Bg5 e6
9.O-O-O Be7 10.Rhe1 O-O 11.Kb1 h6 12.Bc1 Qa5 13.Qd2 Qh5 14.h3 d5 15.e5 Ne4
16.Nxe4 dxe4 17.Nd4 Rfd8 18.Qf4 Bd5 19.g4 Qh4 20.Qh2 Rac8 21.Ne2 Bc5 22.Be3 Qe7
23.h4 Qc7 24.Nc1 Bf8 25.c3 b5 26.Bd4 b4 27.Qg3 bxc3 28.Bxc3 Qb6 29.Ka1 Rc4
30.Rd2 Rdc8 31.g5 hxg5 32.hxg5 g6 33.Qe3 Qa6 34.Rh1 Bg7 35.Rh3 Bxe5 36.Ne2 Ra4
37.a3 Rxa3+ 38.bxa3 Qxa3+ 39.Kb1 Rb8+  0-1

[Event "II Ruy Lopez IM"]
[Site "Merida ESP"]
[Date "2008.04.11"]
[Round "9"]
[White "Cabezas Ayala,I"]
[Black "Figuero Toro,J"]
[Result "1-0"]
[WhiteElo "2321"]
[BlackElo "2253"]

1.e4 c5 2.Nf3 Nc6 3.Nc3 Nf6 4.Bb5 Qc7 5.d3 d6 6.O-O e6 7.Re1 Bd7 8.Bf4 Nh5
9.Be3 Be7 10.Ng5 Nf6 11.f4 a6 12.Ba4 h6 13.Nf3 b5 14.Bb3 Ng4 15.Kh1 Nxe3
16.Rxe3 Nd4 17.Re1 Nxb3 18.axb3 O-O 19.e5 Bc6 20.Ne4 Bb7 21.Qe2 d5 22.Ng3 g6
23.Qd2 Kg7 24.d4 a5 25.dxc5 Bxc5 26.Nd4 Rfc8 27.f5 Bxd4 28.Qxd4 Qc5 29.Qh4 d4
30.Qf6+ Kg8 31.fxg6 Qf8 32.Re2 Ra6 33.Nh5 fxg6 34.Qxg6+ Kh8 35.Rf2 Qg8 36.Qf6+ Kh7
37.Qe7+  1-0

[Event "10th Open"]
[Site "Dubai UAE"]
[Date "2008.04.13"]
[Round "8"]
[White "Moosavian,S"]
[Black "Phadke,So1"]
[Result "1-0"]
[WhiteElo "2404"]
[BlackElo "2285"]

1.e4 c5 2.Nc3 Nc6 3.Nf3 g6 4.Bc4 Bg7 5.O-O e6 6.d4 cxd4 7.Nb5 d6 8.c3 Nf6
9.Re1 O-O 10.Bb3 a6 11.Nbxd4 d5 12.exd5 Nxd4 13.Nxd4 Nxd5 14.Qf3 Qd6 15.Bg5 b5
16.Re4 Bb7 17.Qh3 Rac8 18.Re2 Rfe8 19.a4 Qb6 20.Bh6 b4 21.Bxg7 Kxg7 22.Bxd5 Bxd5
23.Rd2 Red8 24.Qg3 Be4  1-0

[Event "V Magistral da Hebraica"]
[Site "Sao Paulo BRA"]
[Date "2008.04.13"]
[Round "8"]
[White "Rodi,L"]
[Black "Leitao,R"]
[Result "0-1"]
[WhiteElo "2340"]
[BlackElo "2604"]

1.e4 c5 2.Nc3 Nc6 3.Bb5 Nd4 4.Bc4 e6 5.Nf3 a6 6.d3 b5 7.Bb3 Nxb3 8.axb3 Bb7
9.O-O Be7 10.e5 d6 11.Bf4 dxe5 12.Bxe5 Nf6 13.Ng5 O-O 14.Nge4 Nxe4 15.dxe4 f6
16.Bf4 b4 17.Na4 Qxd1 18.Rfxd1 Bxe4 19.Bd6 Bxd6 20.Rxd6 Bxc2 21.Rc1 Bxb3
22.Nxc5 Bd5 23.Nxa6 Rfc8 24.Rd1 b3 25.Nb4 Bc4 26.f3 Kf8 27.Kf2 e5 28.Ke3 Bf7
29.Rb6 Rab8 30.Rxb8 Rxb8 31.Nd3 Ke7 32.Nc5 Rc8 33.Rc1 Bd5 34.Rc3 f5 35.Kd2 Rb8
36.Na6 Rb6 37.Nc5 Kd6 38.Nd3 Rb8 39.Nc1 g5 40.Ne2 f4 41.Rd3 Ke6 42.Nc3 Bc4
43.Ne4 Bxd3 44.Kxd3 Rc8 45.Nxg5+ Kf5 46.Ne4 Rc2 47.g4+ fxg3 48.hxg3 Rxb2
49.Kc3 Re2 50.Nd6+ Ke6 51.Nc4 b2 52.Nxb2 Re3+  0-1

[Event "Gausdal Classics GMB"]
[Site "Gausdal NOR"]
[Date "2008.04.14"]
[Round "7"]
[White "Hansen,Pa"]
[Black "Mader,Ma"]
[Result "1/2-1/2"]
[WhiteElo "2095"]
[BlackElo "2161"]

1.e4 c5 2.Nf3 Nc6 3.Nc3 d6 4.d4 cxd4 5.Nxd4 e5 6.Ndb5 a6 7.Na3 Be7 8.Nc4 b5
9.Ne3 Nf6 10.Bd3 O-O 11.O-O Rb8 12.Ncd5 Nxd5 13.exd5 Na5 14.b4 Nc4 15.Nxc4 bxc4
16.Bxc4 Rxb4 17.Bb3 f5 18.c4 f4 19.Ba3 Rb8 20.c5 f3 21.gxf3 Bh3 22.Qd3 Rf6
23.Kh1 Bxf1 24.Rxf1 Kh8 25.c6 Rh6 26.Rg1 Qe8 27.Qf5 Rh5 28.Qd7 Qf8 29.c7 Ra8
30.Rg3 Rh6 31.Bc2 Bh4 32.Rg2 Rf6 33.Be4 Rf7 34.Qxd6 Be7 35.Qc6 Bxa3 36.d6 Bxd6
37.Qxa8 Qxa8 38.Bxa8 Rxc7 39.Bd5 Rc2 40.h3 Bc5 41.Kh2 Bxf2 42.Kh1 g6 43.Rg4 Bd4
44.h4 Kg7 45.h5 Rc5 46.Be4 g5 47.Rxg5+ Kh6 48.Rf5 Ra5 49.Bb1 Ra4 50.Rf7  1/2-1/2

[Event "Copenhagen Chess Challenge"]
[Site "Ballerup DEN"]
[Date "2008.04.17"]
[Round "3"]
[White "Grove,P"]
[Black "De Verdier,M"]
[Result "0-1"]
[WhiteElo "2073"]
[BlackElo "2225"]

1.e4 c5 2.Nc3 Nc6 3.Nf3 d6 4.d4 cxd4 5.Nxd4 Nf6 6.Bg5 Bd7 7.f4 Qb6 8.Nb3 a5
9.a4 e6 10.Bh4 Qe3+ 11.Qe2 Qxf4 12.Bg3 Qg5 13.Nb5 Rc8 14.Bxd6 Qh4+ 15.Bg3 Qxe4
16.O-O-O Qxe2 17.Bxe2 Ne4 18.Be1 Nc5 19.Nxa5 Nxa5 20.Bxa5 Nb3+  0-1

[Event "82nd ch-ARG s/f"]
[Site "Buenos Aires ARG"]
[Date "2008.04.17"]
[Round "8"]
[White "Alonso,S"]
[Black "Iermito,S"]
[Result "1-0"]
[WhiteElo "2420"]
[BlackElo "2339"]

1.e4 c5 2.Nf3 Nc6 3.Nc3 e5 4.Bc4 Be7 5.d3 d6 6.h3 Nf6 7.a3 O-O 8.O-O h6 9.Nh2 Be6
10.Nd5 Nd7 11.c3 Rc8 12.b4 Bg5 13.Bxg5 Qxg5 14.Nf3 Qd8 15.Ne3 Re8 16.Re1 Nb6
17.Bxe6 Rxe6 18.Qb3 Ne7 19.a4 Nd7 20.a5 Qc7 21.Nd2 cxb4 22.cxb4 Qc3 23.Qxc3 Rxc3
24.Rec1 Rxd3 25.Rc7 Nf6 26.Ra2 d5 27.Rxb7 d4 28.Nf5 Nxf5 29.exf5 Re8 30.f3 Rc3
31.Rxa7 d3 32.b5 Nd5 33.Rd7 Nf4 34.b6 Ne2+ 35.Kf2 Nc1 36.Rb2 Rc2 37.Rxc2 dxc2
38.Ke3 Nd3 39.Rc7 Nb4 40.Ke2 Rb8 41.Nb3 f6 42.Rc4  1-0

[Event "ch-Odessa Region"]
[Site "Odessa UKR"]
[Date "2008.04.19"]
[Round "4"]
[White "Khazankin,M"]
[Black "Fiodorov,M"]
[Result "0-1"]
[WhiteElo "2120"]
[BlackElo "2223"]

1.e4 c5 2.Nc3 Nc6 3.Nf3 g6 4.Bc4 Bg7 5.O-O e6 6.Re1 Nge7 7.d3 O-O 8.Bg5 h6
9.Be3 d5 10.exd5 exd5 11.Nxd5 Nxd5 12.Bxc5 Nde7 13.d4 b6 14.Ba3 Re8 15.Qd3 Bf5
16.Qb3 Na5 17.Bxf7+ Kf8 18.Qd5 Qxd5 19.Bxd5 Rad8 20.c4 Bf6 21.Bxe7+ Bxe7
22.Ne5 Kg7 23.g4 Bc8 24.Bf7 Rf8 25.Bxg6 Rxd4 26.Bh5 Bd6 27.b3 Rd2 28.f3 Bb7
29.h4 Bc5+ 30.Kh1 Rxf3  0-1

[Event "10th North American FIDE Inv"]
[Site "Chicago USA"]
[Date "2008.04.20"]
[Round "4"]
[White "Pasalic,M"]
[Black "Arjun,V"]
[Result "1-0"]
[WhiteElo "2392"]
[BlackElo "2373"]

1.e4 c5 2.Nf3 Nc6 3.Nc3 e5 4.Bc4 Be7 5.d3 Nf6 6.Ng5 O-O 7.f4 exf4 8.Bxf4 d6
9.O-O h6 10.Nf3 Be6 11.Nd5 Bxd5 12.Bxd5 Nxd5 13.exd5 Ne5 14.c4 Bf6 15.Nxe5 Bxe5
16.Bxe5 dxe5 17.Qh5 Qg5 18.Qxg5 hxg5 19.Rab1 a5 20.a3 a4 21.b4 axb3 22.Rxb3 Ra7
23.Kf2 f5 24.Ke3 Rf6 25.h3 b6 26.Kd2 Kf7 27.Re1 Re7 28.Reb1 Ra7 29.Rxb6 Rxb6
30.Rxb6 Rxa3 31.Re6 Ra2+ 32.Ke1 Rxg2 33.Rxe5 g6 34.d6 Ra2 35.Rxc5 Ke6 36.Rc6 Kd7
37.Rb6 Rc2 38.Kd1 Rh2 39.c5 Rxh3 40.Kd2 Rh8 41.d4 Ke6 42.d7+ Kxd7 43.Rxg6 g4
44.d5 Rc8 45.Rg7+ Kd8 46.c6 Rc7 47.Rg6 Ke8 48.Ke3 Kf7 49.Rh6 Kg7 50.Rd6 Kf7
51.Kf4 Re7 52.Kxf5 g3 53.Rf6+ Ke8 54.Rg6 Rf7+ 55.Ke6 Re7+ 56.Kd6  1-0

[Event "IX EICC"]
[Site "Plovdiv BUL"]
[Date "2008.04.21"]
[Round "1"]
[White "Mamedov,Nid"]
[Black "Stamenkov,V"]
[Result "1-0"]
[WhiteElo "2577"]
[BlackElo "2350"]

1.e4 c5 2.Nf3 Nc6 3.Nc3 e5 4.Bc4 d6 5.d3 Be7 6.Nd5 Nf6 7.Nxe7 Qxe7 8.c3 Be6
9.Qe2 h6 10.O-O O-O 11.Re1 a6 12.h3 b5 13.Bb3 Rfe8 14.Bc2 d5 15.exd5 Bxd5
16.Be3 c4 17.Nd2 cxd3 18.Bxd3 Qb7 19.Qf1 Rad8 20.Nb3 Bxb3 21.axb3 e4 22.Bc2 Nd5
23.Bc5 f5 24.f3 Nf6 25.Qf2 Kh8 26.b4 Ne5 27.Bd4 Qc6 28.fxe4 fxe4 29.Qf5 Qe6
30.Bxe4 Nxe4 31.Qxe6 Rxe6 32.Rxe4  1-0

[Event "IX EICC"]
[Site "Plovdiv BUL"]
[Date "2008.04.21"]
[Round "1"]
[White "Lintchevski,D"]
[Black "Miton,K"]
[Result "1/2-1/2"]
[WhiteElo "2450"]
[BlackElo "2620"]

1.e4 c5 2.Nf3 Nc6 3.Nc3 e5 4.Bc4 Be7 5.d3 d6 6.O-O Nf6 7.Ng5 O-O 8.f4 Bg4
9.Qe1 exf4 10.Bxf4 Nd4 11.Qd2 h6 12.Nf3 Nxf3+ 13.gxf3 Be6 14.Kh1 Kh7 15.Rg1 Qd7
16.Rae1 Nh5 17.Be3 Bh4 18.Bf2 Bf6 19.Nd5 Bxd5 20.Bxd5 Qh3 21.Qd1 Be5 22.Rg2 Nf4
23.Rg3 Qh5 24.d4 cxd4 25.Bxd4 g6 26.Bxe5 Qxe5 27.c3 Rae8 28.Bb3 Re7 29.Reg1 Qf6
30.Qd2 h5 31.Rd1 Rd8 32.Rgg1 b6 33.Rgf1 Re5 34.Qd4 Ne2 35.Qc4 Nf4 36.Qxf7+ Qxf7
37.Bxf7 Kg7 38.Bb3 g5 39.Rd4 Kf6 40.Rfd1 Ke7 41.Rc4 Rc5 42.Rcd4 Re5 43.R1d2 Rc5
44.Kg1 h4 45.Kf2 Rd7 46.Ke3 Rd8 47.Bc4 Rf8 48.Bf1 Rf6 49.Rc4 Rf8 50.Rxc5 bxc5
51.b4 cxb4 52.cxb4 Rc8 53.Kd4 Ne6+ 54.Kd5 Nf4+ 55.Kd4 Ne6+ 56.Kd5  1/2-1/2

[Event "IX EICC"]
[Site "Plovdiv BUL"]
[Date "2008.04.21"]
[Round "1"]
[White "Fedorchuk,S"]
[Black "Czebe,A"]
[Result "1/2-1/2"]
[WhiteElo "2671"]
[BlackElo "2513"]

1.e4 c5 2.Nf3 Nc6 3.Nc3 Nf6 4.Bb5 g6 5.e5 Ng4 6.Bxc6 dxc6 7.d3 Bg7 8.Bf4 Nh6
9.O-O Bg4 10.Ne4 Nf5 11.e6 fxe6 12.h3 Bxf3 13.Qxf3 O-O 14.Bh2 b6 15.c3 Qd5
16.Qe2 Rad8 17.Ng5 Nd4 18.cxd4 Qxg5 19.Qxe6+ Kh8 20.dxc5 bxc5 21.Rae1 Bxb2
22.Re3 Qd5 23.Qxe7 Rf7 24.Qh4 Bd4 25.Be5+ Bxe5 26.Rxe5 Qxe5 27.Qxd8+ Kg7
28.Qh4 Rd7 29.Rb1 Qd4 30.Qxd4+ cxd4 31.Rc1 Rc7 32.f4 Kf6 33.Kf2 c5 34.g4 Ke6
35.Kf3 Kd5 36.Re1 Rb7 37.f5 g5 38.h4 h6 39.Re6 Rh7 40.h5 a5 41.Ra6 a4 42.Kf2 Rb7
43.Rxa4 Rb2+ 44.Kf3 Rd2 45.Ra3 Ke5 46.Rb3 Rxa2 47.Rb8 Ra3 48.Re8+ Kd5 49.Ke2 Ra2+
50.Kf3 Ra3 51.Rd8+ Ke5 52.Re8+  1/2-1/2